书目信息 |
| 题名: |
实分析与泛函分析
|
|
| 作者: | 戴牧民 , 陈武华 , 张更容 编著 | |
| 分册: | ||
| 出版信息: | 北京 科学出版社 2017 |
|
| 页数: | 227页 | |
| 开本: | 24cm | |
| 丛书名: | ||
| 单 册: | ||
| 中图分类: | O174.1 , O177 | |
| 科图分类: | ||
| 主题词: | 实分析--Shi Fen Xi--高等学校--教材 , 泛函分析--Fan Han Fen Xi--高等学校--教材 | |
| 电子资源: | ||
| ISBN: | 978-7-03-018774-1 | |
| 000 | 00875cam0 2200289 45 | |
| 001 | 012001002870 | |
| 005 | 20140125160916.0 | |
| 010 | @a978-7-03-018774-1@dCNY49.00 | |
| 099 | @aCAL 012007062000 | |
| 100 | @a20070528d2007 ekmy0chiy50 ea | |
| 101 | 0 | @achi |
| 102 | @aCN@b110000 | |
| 105 | @aak a 001yy | |
| 106 | @ar | |
| 200 | 1 | @a实分析与泛函分析@AShi Fen Xi Yu Fan Han Fen Xi@f戴牧民, 陈武华, 张更容编著 |
| 210 | @a北京@c科学出版社@d2017 | |
| 215 | @a227页@c图@d24cm | |
| 320 | @a有书目 (第222页) 和索引 | |
| 606 | 0 | @a实分析@AShi Fen Xi@x高等学校@j教材 |
| 606 | 0 | @a泛函分析@AFan Han Fen Xi@x高等学校@j教材 |
| 690 | @aO174.1@v4 | |
| 690 | @aO177@v4 | |
| 701 | 0 | @a戴牧民@ADai Mu Min@4编著 |
| 701 | 0 | @a陈武华@AChen Wu Hua@4编著 |
| 701 | 0 | @a张更容@AZhang Geng Rong@4编著 |
| 801 | 0 | @aCN@b北京卓展@c20191020 |
| 905 | @b1204580-3@dO174.1@e243@f4 | |
| 实分析与泛函分析/戴牧民, 陈武华, 张更容编著.-北京:科学出版社,2017 |
| 227页:图;24cm |
| ISBN 978-7-03-018774-1:CNY49.00 |
| ● |
| 相关链接 |
|
|
|
|
正题名:实分析与泛函分析
索取号:O174.1/243
 
预约/预借
| 序号 | 登录号 | 条形码 | 馆藏地/架位号 | 状态 | 备注 |
| 1 | 1204580 | 212045801 | 第二样本阅览室/ [索取号:O174.1/243] | 在馆 | |
| 2 | 1204581 | 212045810 | 第三借阅区/ [索取号:O174.1/243] | 在馆 | |
| 3 | 1204582 | 212045829 | 第三借阅区/ [索取号:O174.1/243] | 在馆 | |
| 4 | 1204583 | 212045838 | 第三借阅区/ [索取号:O174.1/243] | 在馆 |